003230000a22001210004500060000800000082002400008100001500032245004200047260004500089260000900134300000800143650005000151 a100 a582.130 452 249 KUI aKuijt, Job aBiology of Parasitic Flowering Plants aBerkeley, University of California Press c1969 a246 aFlowering Plants/ Paraswitic Flowering Plants